Rákos Sándor válogatott versei

Elmentve itt :
Bibliográfiai részletek
Szerző: Fülöp László
További közreműködők: Rákos Sándor
Dokumentumtípus: Cikk
Megjelent: 1971
Sorozat:Tiszatáj 25 No. 7
Kulcsszavak:Magyar irodalom - költészet - könyvismertetés
Online Access:http://tiszataj.bibl.u-szeged.hu/6927
LEADER 00639nab a2200193 i 4500
001 tisza6927
005 20200330131937.0
008 170530s1971 hu o 0|| hun d
022 |a 0133-1167 
040 |a SZTE Tiszatáj Archívum  |b hun 
041 |a hun 
100 1 |a Fülöp László 
245 1 0 |a Rákos Sándor válogatott versei  |h [elektronikus dokumentum] /  |c  Fülöp László 
260 |c 1971 
300 |a 669-675 
490 0 |a Tiszatáj  |v 25 No. 7 
695 |a Magyar irodalom - költészet - könyvismertetés 
700 0 1 |a Rákos Sándor 
856 4 0 |u http://tiszataj.bibl.u-szeged.hu/6927/1/tiszataj_1971_007_669-675.pdf  |z Dokumentum-elérés